10 cars by pictures - Ferrari - Statistics

General Stats
  • This quiz has been taken 148 times
    138 since last reset
  • The average score is 7 of 10
Answer Stats
Picture Answer % Correct
F40
96%
Enzo
93%
La Ferrari
92%
458 Speciale
79%
812 Super Fast
77%
Testarossa
71%
F12 TDF
63%
250 GTO
62%
Dino
58%
288 GTO
32%
No matching quizzes found
Score Distribution
Percent of People with Each Score
Percentile by Number Answered
Your Score History
You have not taken this quiz since the last reset